| 000 | 00667nam a22001937a 4500 | ||
|---|---|---|---|
| 005 | 20150810114525.0 | ||
| 010 | _aENG-113593 | ||
| 020 |
_a9780415711142 _c645.00 |
||
| 035 | _aEN-97125 | ||
| 037 | _bDBAD/PUB | ||
| 082 | _a181.45 | ||
| 100 | _aPalshikar, Sanjay | ||
| 245 |
_aEvil and the philosophy of retribution : _cby Sanjay Palshikar _bmodern commentaries on the Bhagavad-Gita / |
||
| 260 |
_aNew Delhi _bRoutledge _c2014 |
||
| 270 |
_a912 Tolstoy House, 15-17 Tolstoy Marg, Connaught Place _bNew Delhi _e110001 |
||
| 300 |
_aix,182p. _c23cm(Hb) |
||
| 500 | _aIncludes bibliographical references and index | ||
| 942 |
_2ddc _cEN _mPAL _h181.45 |
||
| 999 |
_c95167 _d95167 |
||